Type 1,2,3,4,5 a lot of times - Statistics

General Stats
  • This quiz has been taken 591 times
  • The average score is 33 of 50
Answer Stats
Answer % Correct
1
100%
2
100%
3
98%
4
96%
5
94%
1
86%
2
85%
3
83%
4
82%
5
82%
1
80%
2
78%
3
77%
4
76%
1
75%
5
75%
2
74%
3
74%
4
74%
5
73%
1
70%
2
69%
3
68%
4
67%
5
66%
1
65%
2
64%
3
64%
4
64%
5
63%
1
61%
2
60%
3
59%
4
58%
5
57%
1
56%
2
55%
3
55%
4
55%
5
54%
1
51%
2
49%
3
47%
4
45%
5
45%
1
43%
2
40%
3
39%
4
37%
5
37%
No matching quizzes found
Score Distribution
Percent of People with Each Score
Percentile by Number Answered
Your Score History
You have not taken this quiz